Különleges, nemzetközi támogatással megvalósuló módszerrel tanulhatják a történelmet az SZTE Juhász Gyula gyakorlóiskola diákjai

Elmentve itt :
Bibliográfiai részletek
Szerző: Lévai Ferenc
További közreműködők: Kovács-Jerney Ádám
Dokumentumtípus: Cikk
Megjelent: 2026-03-25
Sorozat:SZTE Info
Kulcsszavak:Rendezvény - workshop - "#Helytörténet új megközelítésben - IWalk Szegeden", Mobilapplikáció - IWalk - interaktív helytörténeti oktatási program, Történelemtanárok, Egyetemi hallgatók - pedagógushallgatók, SZTE Juhász Gyula Gyakorló Általános és Alapfokú Művészeti Iskolája, Napközi Otthonos Óvodája, Általános iskolai tanulók, Oktatás - történelem, Jancsákné Majzik Andrea - szakvezető történelemtanár, Nemzetközi kapcsolatok, Szegedi látogatás, Justin McKenzie Smith - Nagy Britannia és Észak Írország Egyesült Királysága magyarországi nagykövete, Zakar Péter - nemzetközi és közkapcsolati rektorhelyettes, Jancsák Csaba - tanszékvezető egyetemi docens - MTA-SZTE Elbeszélt Történelem és Történelemtanítás Kutatócsoport vezetője, Alkalmazott Társadalomtudományok Tanszék, Alkalmazott Társadalomismereti és Kisebbségpolitikai Intézet, Juhász Gyula Pedagógusképző Kar - JGYPK
Online Access:http://univ.bibl.u-szeged.hu/77074
LEADER 01885nab a2200181 i 4500
001 univ77074
005 20260326224849.0
008 260326s2026 hu o 000 hun d
040 |a SZTE UnivHistória Repozitórium  |b hun 
041 |a hun 
100 1 |a Lévai Ferenc 
245 1 0 |a Különleges, nemzetközi támogatással megvalósuló módszerrel tanulhatják a történelmet az SZTE Juhász Gyula gyakorlóiskola diákjai  |h [elektronikus dokumentum] /  |c  Lévai Ferenc 
260 |c 2026-03-25 
490 0 |a SZTE Info 
561 |a Egyetemi hirarchívum 
695 |a Rendezvény - workshop - "#Helytörténet új megközelítésben - IWalk Szegeden", Mobilapplikáció - IWalk - interaktív helytörténeti oktatási program, Történelemtanárok, Egyetemi hallgatók - pedagógushallgatók, SZTE Juhász Gyula Gyakorló Általános és Alapfokú Művészeti Iskolája, Napközi Otthonos Óvodája, Általános iskolai tanulók, Oktatás - történelem, Jancsákné Majzik Andrea - szakvezető történelemtanár, Nemzetközi kapcsolatok, Szegedi látogatás, Justin McKenzie Smith - Nagy Britannia és Észak Írország Egyesült Királysága magyarországi nagykövete, Zakar Péter - nemzetközi és közkapcsolati rektorhelyettes, Jancsák Csaba - tanszékvezető egyetemi docens - MTA-SZTE Elbeszélt Történelem és Történelemtanítás Kutatócsoport vezetője, Alkalmazott Társadalomtudományok Tanszék, Alkalmazott Társadalomismereti és Kisebbségpolitikai Intézet, Juhász Gyula Pedagógusképző Kar - JGYPK 
700 0 2 |a Kovács-Jerney Ádám 
856 4 0 |u http://univ.bibl.u-szeged.hu/77074/1/Szegedi%20Tudom%C3%A1nyegyetem%20_%20K%C3%BCl%C3%B6nleges%2C%20nemzetk%C3%B6zi%20t%C3%A1mogat%C3%A1ssal%20megval%C3%B3sul%C3%B3%20m%C3%B3dszerrel%20tanulhatj%C3%A1k%20a%20t%C3%B6rt%C3%A9nelmet%20az%20SZTE%20Juh%C3%A1sz%20Gyula%20gyakorl%C3%B3iskola%20di%C3%A1kjai.pdf  |z Dokumentum-elérés